000
00290nam a22001337a 4500
020
_a
07-984396-6
082
_a
530 BOL
100
_a
BOLTON, W
_9
716
245
_a
PATTERNS IN PHYSICS
260
_a
NEWYORK
_b
MCGRAW HILL
_c
1974
300
_a
427P
650
_a
PHYSICS
_9
10791
942
_c
BK
999
_c
583688
_d
583688